000 00482nam a2200157 a 4500
005 20140412111313.0
008 010402s19uu xx 00 eng d
020 _a0-7214-1098-7
050 _aER
_bSt6 1988
100 _aStimson, Joan
245 _aStorytime for 3 year olds /
_cby Joan Stimson ; illustrated by John and Caroline Astrop.
260 _aLeicestershire, UK :
_bLadybird Books Ltd,
_c1988.
300 _a43p. ; ill.
650 _aChildren's stories
999 _c104131
_d104131